Normal view MARC view
  • Microwave amplifiers

Entry Topical Term

Number of records used in: 1

001 - CONTROL NUMBER

  • control field: 96953

003 - CONTROL NUMBER IDENTIFIER

  • control field: NUST

005 - DATE AND TIME OF LATEST TRANSACTION

  • control field: 20220812105617.0

008 - FIXED-LENGTH DATA ELEMENTS

  • fixed length control field: 220812|| aca||aabn | a|a d

040 ## - CATALOGING SOURCE

  • Original cataloging agency: NUST
  • Transcribing agency: NUST

150 ## - HEADING--TOPICAL TERM

  • Topical term or geographic name entry element: Microwave amplifiers

670 ## - SOURCE DATA FOUND

  • Source citation: Work cat.: (NUST)218028: Gonzalez, Guillermo, 96952, Microwave transistor amplifiers :, c1997.
© 2023 Central Library, National University of Sciences and Technology. All Rights Reserved.